| 000 | 01483nam a2200229Ia 4500 | ||
|---|---|---|---|
| 999 |
_c51015 _d51015 |
||
| 001 | 17972 | ||
| 003 | GE_BSU | ||
| 005 | 20250227130329.0 | ||
| 008 | 181216s2009||||ge |||||||||||||| ||geo|| | ||
| 040 | _cGE_BSU | ||
| 041 | _ageo | ||
| 080 | _a808.5 მ-47 | ||
| 100 |
_aმეგრელაძე, ციალა _91081 |
||
| 245 |
_aზეპირმეტყველების, კითხვის, წერის, გაგების სტრატეგიები ქართული ენისა და ლიტერატურის სწავლება/სწავლის მაგალითზე : _bსალექციო კურსი / _cციალა მეგრელაძე ; რედ. გ. მახარაშვილი , პ. პაპავა. |
||
| 264 |
_aბათუმი : _bშოთა რუსთაველის სახ. უნ-ტი, _c2009. |
||
| 300 |
_a158 გვ. ; _c29 სმ. |
||
| 653 | _aზეპირმეტყველების, კითხვის, წერის, გაგების სტრატეგიები | ||
| 653 | _aქართული ენისა და ლიტერატურის სწავლება/სწავლის მაგალითზე | ||
| 700 |
_aმახარაშვილი, გ. _eრედაქტორი _910519 |
||
| 700 |
_a პაპავა, პ. _eრედაქტორი _924424 |
||
| 942 |
_cBK _2udc |
||